00258nam a2200109Ia 4500003000400000008004100004100001800045245002700063260003200090300000800122650001800130OSt191201s2007 xx 000 0 und d aRONHUBBARD, L 0aHandbook for Preclears aN. DelhibHubbard Pubc2007 a423 aGeneral Books